| 000 | 00646nam a2200205 u 4500 | ||
|---|---|---|---|
| 005 | 20240112063601.0 | ||
| 008 | 131202s2006 mx r 000 0 spa d | ||
| 020 | _a970983326X | ||
| 035 | _aUPN01000194427 | ||
| 049 | _aCG | ||
| 050 | 4 |
_aKGF3008 _bI5.7 |
|
| 245 | 0 | 0 |
_aInstrumentos jurídicos internacionales en materia de no discriminación / _ccomp. Miguel Carbonell. |
| 260 |
_aMéxico : _bCONAPRED, _c2006. |
||
| 300 | _a2 vols. | ||
| 440 | 0 |
_aEstudios ; _v1 |
|
| 650 | 4 |
_aDiscriminación _xLeyes y legislación _zMéxico _920911 |
|
| 700 | 1 |
_aCarbonell Sánchez, Miguel, _d1971- _ecomp. _928656 |
|
| 905 | _aLibro | ||
| 999 |
_c166528 _d166528 |
||